000 00458pab a2200181 454500
008 180718b2010 xxu||||| |||| 00| 0 eng d
100 _aBhandari, B.S.
245 _aFood security: Challenge for agriculture in India
260 _c2010
300 _ap.iii-5.
362 _aDec
650 _aAgriculture - India
650 _aFood supply - India
650 _aFood supply
773 _aAgricultural Situation in India
908 _aN
909 _a93579
999 _c93579
_d93579